00644nam a2200193Ia 4500020001800000082002000018245002700038260003500065300001000100504001900110650004800129650004000177650004600217650002200263650004800285650005200333650004300385700002200428 a81-224-0207-0 a333.953913 NON- 0aNonconventional energy aNew DelhibWiley Easternc1990 a203p. aIncludes index aEnergy conservation - Developing countriesx aSolar energy - Developing countries aEnergy development - Developing countries aGeothermal energy aGeothermal resources - Developing countries aRenewable energy sources - Developing countries aPower resources - Developing countries aDesai, Ashok V.